All Charlie Puth Songs (October 2025) - Statistics

General Stats
  • This quiz has been taken 11 times
    2 since last reset
  • The average score is 6 of 74
Answer Stats
Year Song % Correct
See You Again (with Wiz Khalifa)
100%
2017 Attention
50%
Attention - Live From Spotify Studios NYC
50%
Attention - Remix (feat. KYLE)
50%
How Long
50%
Left And Right (feat. Jung Kook of BTS)
50%
Marvin Gaye (feat. Meghan Trainor)
50%
Marvin Gaye - Remix (feat. Wale)
50%
2015 One Call Away
50%
One Call Away - Remix (feat. Tyga)
50%
We Don't Talk Anymore (feat. Selena Gomez)
50%
2021 After All (with Elton John)
0%
Angel Pt. 2 (with JVKE, Jimin of BTS & Muni Long)
0%
As You Are (feat. Shy Carter)
0%
BOY
0%
Change (feat. James Taylor)
0%
2025 Changes
0%
Charlie Be Quiet!
0%
Cheating on You
0%
2016 Dangerously
0%
December 25th
0%
Does It Fell
0%
Done for Me (feat. Kehlani)
0%
Earth (with Lil Dicky, Justin Bieber, Ariana Grande, Halsey, Zac Brown, Brendon Urie, Hailee Steinfeld, Wiz Khalifa, Snoop Dogg, Kevin Hart, Adam Levine, Shawn Mendes, Sia, Miley Cyrus, Lil Jon, Rita Ora, Miguel, Katy Perry, Lil Yachty, Ed Sheeran, Meghan Trainor, Joel Embiid, Tory Lanez, John Legend, Psy, Bad Bunny, Kris Wu, Backstreet Boys, and Leonardo DiCaprio)
0%
2019 Easier - Remix (with 5 Seconds of Summer)
0%
Empty Cups
0%
Free
0%
Girlfriend
0%
Hard On Yourself (feat. blackbear)
0%
Hero
0%
I Don't Think That I Like Her
0%
I Don't Wanna Know - Live From Spotify Studios NYC
0%
If You Leave Me Now (feat. Boyz II Men)
0%
2020 I Hope (with Gabby Barrett)
0%
Is It Just Me? (with Sasha Alex Sloan)
0%
I Warned Myself
0%
I Won't Tell a Soul
0%
LA Girls
0%
Left Right Left
0%
Lights Switch
0%
2024 Lipstick
0%
Lose My Breath (with Stray Kids)
0%
Loser
0%
Losing My Mind
0%
Marks On My Neck
0%
Mother
0%
My Gospel
0%
Nobody 2016 (with Lotus & Ricky Dillon)
0%
No More Drama
0%
Nothing But Trouble (Instagram Models) - Dance Remix
0%
Nothing But Trouble (Instagram Models) (with Lil Wayne)
0%
Obsessed (with Calvin Harris & Shenseea)
0%
Oops (with Little Mix)
0%
Patient
0%
River
0%
Slow It Down
0%
Smells Like Me
0%
Sober (with G-Eazy)
0%
Somebody Told Me
0%
Some Type of Love
0%
Some Type of Love
0%
Suffer
0%
Summer Feelings (with Lennon Stella)
0%
Tears On My Piano
0%
2022 That's Hilarious
0%
2023 That's Not How This Works (feat. Dan + Shay)
0%
That's Not How This Works - Sabrina's Version (feat. Dan + Shay & Sabrina Carpenter)
0%
Then There's You
0%
There's A First Time For Everything
0%
2018 The Way I Am
0%
Through It All
0%
Up All Night
0%
Upside Down (with JVKE)
0%
When You're Sad I'm Sad
0%
No matching quizzes found
Score Distribution
Percent of People with Each Score
Percentile by Number Answered
Your Score History
You have not taken this quiz since the last reset